Normal view
MARC view
Entry Personal Name
001 - CONTROL NUMBER
- control field: 1236018
003 - CONTROL NUMBER IDENTIFIER
- control field: OSt
005 - DATE AND TIME OF LATEST TRANSACTION
- control field: 20260429152727.0
008 - FIXED-LENGTH DATA ELEMENTS
- fixed length control field: 260429|| aca||aabn | a|a d
040 ## - CATALOGING SOURCE
- Original cataloging agency: OSt
- Transcribing agency: OSt
100 ## - HEADING--PERSONAL NAME
- Personal name: Tsunoda, Ryusaku
670 ## - SOURCE DATA FOUND
- Source citation: Work cat.: (OSt)993124: 613605, Source of Japanese tradition, 1958.
